000 00666nam a22002172 4500
001 0000008928
005 20151217155216.0
008 080619s xx 000 0 eng d
020 _a0802412785 :
_cKES 690
040 _aKABU
_cKABU
100 1 _aDeMoss, Nancy Leigh.
_@0000159730
245 1 0 _aBrokenness :
_bthe heart God revives /
_cNancy Leigh DeMoss.
260 _aChicago :
_bMoody,
_c2002.
300 _a158 p.
650 0 _aHumility
_xReligious aspects
_xChristianity.
_@0000159731
650 0 _aChristian life.
_@0000149167
650 0 _aRevivals.
_@0000159732
908 _a080619
950 _@1
999 _c12011
_d12011